000 00811nam a22002177a 4500
999 _c11617
_d11617
003 AR-CdUCM
008 190404b ||||| |||| 00| 0 spa d
040 _aMUNICIPALIDAD PROVINCIAL DEL CUSCO
_cBIBLIOTECA MUNICIPAL DEL CUSCO
082 _a860.49 /
_bI26 / 1947
100 _aIcaza, Francisco A. de
_929071
245 _aEstudios Cervantinos /
260 _aMexico :
_bSecretaria de Educación Pública,
_c1947.
300 _a95 páginas ;
_c19.5 cm.
505 _aEl quijote y os contemporáneos de Cervantes -- El quijote en la America Española -- El quijote en America desde el siglo XIX...
650 _aEl quijote.
_916374
650 _aCervantes.
_910750
650 _aAnálisis literario.
_9714
700 _aHenestrosa, Andres (prologo)
_929072
942 _2ddc
_cLIBROS
945 _awfj
_d2019-04-04